[Event "ESP-ch U12 rapid"]
[Site "Salobrena"]
[Date "2024.07.14"]
[Round "5"]
[White "Gonzalo Lera, Jara"]
[Black "Acebal Fernandez, Jose Maria"]
[Result "1/2-1/2"]
[WhiteElo "1497"]
[BlackElo "1627"]
[PlyCount "65"]
[EventDate "2024.07.13"]
[EventType "swiss (rapid)"]
[EventRounds "9"]
[EventCountry "ESP"]
[SourceTitle "EXT 2025"]
[Source "ChessBase"]
[SourceDate "2024.10.14"]
[SourceVersion "1"]
[SourceVersionDate "2024.10.14"]
[SourceQuality "1"]

1. e4 c5 2. Nf3 Nc6 3. d4 cxd4 4. Nxd4 g6 5. c4 Bg7 6. Be3 Nh6 7. Nc3 0-0 8. Be2 d6 9. 0-0 f5 10. exf5 Nxf5 11. Nxf5 Bxf5 12. Bg4 Qd7 13. Qd5+ Kh8 14. Bxf5 Rxf5 15. Qd3 Ne5 16. Qe2 a6 17. Rad1 Qc6 18. f3 Nxc4 19. Bd4 Bxd4+ 20. Rxd4 Re5 21. Qxc4 Qb6 22. Na4 Qd8 23. Nc3 Qb6 24. b3 Rc5 25. Qd3 Rac8 26. Rc1 Rxc3 27. Rxc3 Rxc3 28. Qxc3 e5 29. Qc8+ Kg7 30. Qd7+ Kh6 31. Qh3+ Kg7 32. Qd7+ Kh6 33. Qh3+ 1/2-1/2

[Event "ESP-ch U12"]
[Site "Salobrena"]
[Date "2024.07.13"]
[Round "9"]
[White "Sanchez Ordas, Eloy"]
[Black "Acebal Fernandez, Jose Maria"]
[Result "1/2-1/2"]
[WhiteElo "1719"]
[BlackElo "1583"]
[PlyCount "64"]
[EventDate "2024.07.08"]
[EventType "swiss"]
[EventRounds "9"]
[EventCountry "ESP"]
[SourceTitle "EXT 2025"]
[Source "ChessBase"]
[SourceDate "2024.10.14"]
[SourceVersion "1"]
[SourceVersionDate "2024.10.14"]
[SourceQuality "1"]

1. e4 c5 2. Nf3 Nc6 3. d4 cxd4 4. Nxd4 g6 5. Be3 Bg7 6. Nc3 Nf6 7. Be2 0-0 8. Qd2 d5 9. Nxc6 bxc6 10. exd5 cxd5 11. f3 e6 12. 0-0 Qd6 13. Nd1 Ba6 14. Bxa6 Qxa6 15. Nf2 Rab8 16. Nd3 Nd7 17. c3 Nb6 18. Bxb6 Qxb6+ 19. Kh1 Rfc8 20. Rfc1 Rc4 21. Rab1 Qa6 22. Nb4 Qd6 23. Qf2 Be5 24. g3 Bg7 25. Qxa7 Rbc8 26. Qe3 d4 27. Qd2 Qb6 28. a3 dxc3 29. bxc3 Rxc3 30. Rxc3 Rxc3 31. Qd1 Qe3 32. a4 Ra3 1/2-1/2

[Event "ESP-ch U12"]
[Site "Salobrena"]
[Date "2024.07.09"]
[Round "3"]
[White "Roche Fraile, Carlos"]
[Black "Acebal Fernandez, Jose Maria"]
[Result "1-0"]
[WhiteElo "1843"]
[BlackElo "1583"]
[PlyCount "75"]
[EventDate "2024.07.08"]
[EventType "swiss"]
[EventRounds "9"]
[EventCountry "ESP"]
[SourceTitle "EXT 2025"]
[Source "ChessBase"]
[SourceDate "2024.10.14"]
[SourceVersion "1"]
[SourceVersionDate "2024.10.14"]
[SourceQuality "1"]

1. e4 c5 2. c3 Nf6 3. e5 Nd5 4. Nf3 Nc6 5. Bc4 Nb6 6. Bb3 d6 7. exd6 exd6 8. 0-0 Be7 9. h3 0-0 10. d4 c4 11. Bc2 d5 12. Bf4 Be6 13. Ne5 Nxe5 14. dxe5 Bg5 15. Bg3 h6 16. f4 Bh4 17. Bh2 f5 18. Na3 Qe8 19. Kh1 Rd8 20. Bg1 Nc8 21. Ba4 Qg6 22. Nb5 a6 23. Nd4 b5 24. Bc2 Ne7 25. a4 Rb8 26. axb5 axb5 27. Ra6 b4 28. Rxe6 Qf7 29. cxb4 Rxb4 30. Ra6 Rxb2 31. Qa1 Rfb8 32. Rb1 c3 33. Ra8 Rxb1 34. Bxb1 Rxa8 35. Qxa8+ Kh7 36. Qa3 Qh5 37. Nf3 Bg3 38. Qxe7 1-0

[Event "ESP-ch U12"]
[Site "Salobrena"]
[Date "2024.07.08"]
[Round "1"]
[White "Serna Puerto, Lorenzo"]
[Black "Acebal Fernandez, Jose Maria"]
[Result "1-0"]
[WhiteElo "1885"]
[BlackElo "1583"]
[PlyCount "53"]
[EventDate "2024.07.08"]
[EventType "swiss"]
[EventRounds "9"]
[EventCountry "ESP"]
[SourceTitle "EXT 2025"]
[Source "ChessBase"]
[SourceDate "2024.10.14"]
[SourceVersion "1"]
[SourceVersionDate "2024.10.14"]
[SourceQuality "1"]

1. e4 c5 2. Nf3 Nc6 3. Bb5 g6 4. Bxc6 dxc6 5. 0-0 Bg7 6. d3 Nf6 7. c4 0-0 8. Nc3 Nd7 9. Be3 b6 10. Qd2 Ne5 11. Nxe5 Bxe5 12. f4 Bg7 13. f5 Bd4 14. Kh1 Qd6 15. Bf4 Qd8 16. Bh6 Bg7 17. Rf3 f6 18. Rh3 g5 19. Bxg7 Kxg7 20. Qe2 Qe8 21. Rf1 Rh8 22. e5 Ba6 23. exf6+ exf6 24. Re3 Qd8 25. Re7+ Kf8 26. Re1 h5 27. Qe6 1-0